Statystyki dla Żeńskie Imiona na literę J

Kliknij tutaj aby rozwiązać quiz!

Ogólne statystyki

  • Ten quiz został rozwiązany 334 razy
  • Średni wynik to 10 z 21

Statystyki odpowiedzi

Imiona% Poprawnych
Julia
86%
Joanna
79%
Jola
78%
Jadwiga
75%
Janina
75%
Jolanta
70%
Justyna
63%
Jagoda
56%
Julita
52%
Judyta
47%
Judyta
47%
Jowita
45%
Julianna
41%
Jarosława
40%
Jagna
39%
Józefa
31%
Jaśmina
24%
Józefina
19%
Joachima
6%
Jarogniewa
4%
Julisława
1%

Rozkład punktacji

Percentyl według liczby udzielonych odpowiedzi

Procent ludzi z każdym wynikiem

Twoja historia wyników

Nie rozwiązałeś tego quizu